Асфальт и асфальтовые работы: Руководство для наблюдающих за асфальтовыми работами, для домовладельцев и техников; Применение асфальта к тротуарам и мостовым; устройство полов, террас, штукатурка асфальтом сырых стен и проч. с расчетами стоимости асфальтовых работ в России

Dettagli Bibliografici
Autore principale: Приоров М. К.
Lingua:russo
Pubblicazione: Москва, Издание книгопродавца А. Д. Ступина, 1893
Soggetti:
Natura: MixedMaterials Libro
KOHA link:https://koha.lib.tpu.ru/cgi-bin/koha/opac-detail.pl?biblionumber=235930

MARC

LEADER 00000nam0a2200000 4500
001 235930
005 20241010121629.0
035 |a (RuTPU)RU\TPU\book\257074 
090 |a 235930 
100 |a 20130418d1893 m y0rusy50 ca 
101 0 |a rus 
102 |a RU 
105 |a a z 001zy 
200 1 |a Асфальт и асфальтовые работы  |e Руководство для наблюдающих за асфальтовыми работами, для домовладельцев и техников  |e Применение асфальта к тротуарам и мостовым; устройство полов, террас, штукатурка асфальтом сырых стен и проч. с расчетами стоимости асфальтовых работ в России  |f М. К. Приоров 
210 |a Москва  |c Издание книгопродавца А. Д. Ступина  |d 1893 
215 |a XI, 88 с.  |c с рисунками в тексте. 
317 |5 63413507: 82//242  |a Поступила в НТБ в 1910 г. в составе книжного собрания профессора ТТИ А. Э. Сабека. 
320 |a Литература по асфальту: с. IX-XI. 
610 1 |a асфальты 
610 1 |a месторождения 
610 1 |a гудронирование 
610 1 |a технология 
610 1 |a использование 
610 1 |a Коллекция А. Э. Сабека 
675 |a 693.7  |v 3 
675 |a 552.578  |v 3 
700 1 |a Приоров  |b М. К. 
801 1 |a RU  |b 63413507  |c 20130418 
801 2 |a RU  |b 63413507  |c 20170302  |g RCR 
942 |c BK